Повышение эффективности управления электроприводом автоматизированного комплекса дозирования сыпучих материалов; Энергетика и энергосбережение: теория и практика

Bibliographische Detailangaben
Parent link:Энергетика и энергосбережение: теория и практика.— 2017.— [3 с.]
1. Verfasser: Ляпушкин С. В. Сергей Викторович
Körperschaft: Национальный исследовательский Томский политехнический университет Инженерная школа энергетики Отделение электроэнергетики и электротехники
Weitere Verfasser: Негодин К. Н. Кирилл Николаевич
Zusammenfassung:Заглавие с экрана
Sprache:Russisch
Veröffentlicht: 2017
Schriftenreihe:Управление электротехническими комплексами и системами
Schlagworte:
Online-Zugang:http://science.kuzstu.ru/wp-content/Events/Conference/energ/2017/energ/pages/Articles/313.pdf
Format: MixedMaterials Elektronisch Buchkapitel
KOHA link:https://koha.lib.tpu.ru/cgi-bin/koha/opac-detail.pl?biblionumber=657456

MARC

LEADER 00000naa0a2200000 4500
001 657456
005 20250623142236.0
035 |a (RuTPU)RU\TPU\network\23976 
090 |a 657456 
100 |a 20180206d2017 k y0rusy50 ca 
101 0 |a rus 
102 |a RU 
135 |a drcn ---uucaa 
181 0 |a i  
182 0 |a b 
200 1 |a Повышение эффективности управления электроприводом автоматизированного комплекса дозирования сыпучих материалов  |f С. В. Ляпушкин, К. Н. Негодин 
203 |a Текст  |c электронный 
225 1 |a Управление электротехническими комплексами и системами 
300 |a Заглавие с экрана 
320 |a [Библиогр.: 3 назв.] 
463 |t Энергетика и энергосбережение: теория и практика  |o сборник материалов III всероссийской научно-практической конференции, 13-15 декабря 2017 г., Кемерово  |f Кузбасский государственный технический университет (КузГТУ)  |v [3 с.]  |d 2017 
610 1 |a электронный ресурс 
610 1 |a труды учёных ТПУ 
610 1 |a эффективность 
610 1 |a упрочнение 
610 1 |a электроприводы 
610 1 |a автоматизированные комплексы 
610 1 |a дозирование 
610 1 |a сыпучие материалы 
700 1 |a Ляпушкин  |b С. В.  |c специалист в области электротехники  |c доцент Томского политехнического университета, кандидат технических наук  |f 1973-  |g Сергей Викторович  |3 (RuTPU)RU\TPU\pers\27842  |9 12877 
701 1 |a Негодин  |b К. Н.  |g Кирилл Николаевич 
712 0 2 |a Национальный исследовательский Томский политехнический университет  |b Инженерная школа энергетики  |b Отделение электроэнергетики и электротехники  |3 (RuTPU)RU\TPU\col\23505  |9 28321 
801 2 |a RU  |b 63413507  |c 20180219  |g RCR 
850 |a 63413507 
856 4 |u http://science.kuzstu.ru/wp-content/Events/Conference/energ/2017/energ/pages/Articles/313.pdf 
942 |c CF